| 000 | 00750nam a22002417a 4500 | ||
|---|---|---|---|
| 005 | 20230316191556.0 | ||
| 008 | 151127b sp ||||| |||| 00| 0 spa d | ||
| 020 | _a8432310840 | ||
| 050 | 0 | 4 |
_aBD331 _bB38 2002 |
| 100 | 1 |
_aBaudrillard, Jean, _d1929- |
|
| 240 | 1 | 4 |
_aThe Vital Ilusion. _lEspañol. |
| 245 | 1 | 3 |
_aLa ilusión vital / _bJean Baudrillard ; traducción de Alberto Jiménez Rioja ; revisión técnica Gustavo Dessal. |
| 250 | _a1a ed. | ||
| 260 |
_aMadrid : _bSiglo XXI, _c2002 |
||
| 300 |
_a86 p. ; _c21 cm. |
||
| 490 | 0 | _aTeoría. | |
| 504 | _aIncluye índice. | ||
| 650 | 7 |
_2lemb _aRealidad |
|
| 650 | 7 |
_2lemb _aRealidad virtual |
|
| 650 | 7 |
_2lemb _aClonación |
|
| 700 | 1 |
_aJiménez Rioja, Alberto, _etr. |
|
| 942 |
_2lcc _cLIB |
||
| 999 |
_c109592 _d109592 |
||